Перспективы развития космической биомедицины в свете идей К. Э. Циолковского: труды XX-XXI чтений, посвященных разработке научного наследия и развитию идей К. Э. Циолковского, Калуга, 1985, 1986 гг. : Секция: Проблемы космической медицины и биологии

Bibliografske podrobnosti
Corporate Authors: Государственный музей истории космонавтики (570), Перспективы развития космической биомедицины в свете идей К. Э. Циолковского
Drugi avtorji: Малкин В. Б. (редактор)
Jezik:ruščina
Izdano: Москва, Изд-во ИИЕТ, 1987
Teme:
Format: Knjiga
KOHA link:https://koha.lib.tpu.ru/cgi-bin/koha/opac-detail.pl?biblionumber=261745

MARC

LEADER 00000nam0a2200000 4500
001 261745
005 20231101233606.0
020 |a RU  |b 87-96736 
035 |a (RuTPU)RU\TPU\book\284726 
090 |a 261745 
100 |a 20140527d1987 k a0rusy5003 ca 
101 0 |a rus 
102 |a RU 
105 |a y z 101zy 
200 1 |a Перспективы развития космической биомедицины в свете идей К. Э. Циолковского  |e труды XX-XXI чтений, посвященных разработке научного наследия и развитию идей К. Э. Циолковского, Калуга, 1985, 1986 гг. : Секция: Проблемы космической медицины и биологии  |f Государственный музей истории космонавтики ; под ред. В. Б. Малкина 
210 |a Москва  |c Изд-во ИИЕТ  |d 1987 
215 |a 139 с.  |c ил. 
320 |a Библиогр. в конце докл. 
600 1 |a Циолковский  |g Константин Эдуардович  |b К. Э.  |c русский ученый  |c изобретатель  |c основоположник современной космонавтики  |f 1857-1935  |2 stltpush  |3 (RuTPU)RU\TPU\pers\1304 
606 1 |a Космическая медицина  |2 stltpush  |3 (RuTPU)RU\TPU\subj\15770  |9 41980 
606 1 |a Космическая биология  |2 stltpush  |3 (RuTPU)RU\TPU\subj\15764  |9 41974 
610 1 |a чтения 
610 1 |a научное наследие 
610 1 |a космические полеты 
610 1 |a психофизиология 
610 1 |a тренировки 
610 1 |a регенерация 
610 1 |a невесомость 
675 |a 574  |z rus 
675 |a 613.693  |z rus 
702 1 |a Малкин  |b В. Б.  |4 340 
712 0 2 |a Государственный музей истории космонавтики  |2 stltpush  |3 (RuTPU)RU\TPU\col\15626  |9 26196 
712 1 2 |a Перспективы развития космической биомедицины в свете идей К. Э. Циолковского  |c чтения  |d XX-XXI  |e 1985, 1986  |f Калуга  |4 570 
801 0 |a RU  |b RuMRKP  |c 19950417  |g psbo 
801 1 |a RU  |b 63413507  |c 20140527 
801 2 |a RU  |b 63413507  |c 20141126  |g RCR 
942 |c BK